000 00409pam a2200157 a 4500
020 _a9781609136475
_c
041 _aeng
082 _a617.3
_bZAJ/CHO
100 _aZAJIKO., CHODZKO W.J.
245 _aACM`S EXERCISE FOR OLDER ADULTS + ONLINE
_hTextual Documents
250 _a1.
260 _bLIPPINCOTT WILLIAMS & WILKINS
_c2014
300 _a236:
_bXVI;
_cPB+
_eONLINE.
930 _a6988
999 _c801515
_d801515
650 _aORTHO